000 00456nam a2200193Ia 4500
005 20250326142606.0
008 250326s9999 xx 000 0 und d
037 _aTextbook
040 _aFMSL
_beng
_cFMSL
041 _aeng
_2eng
084 _qFMSL
100 _aR.B.I
245 0 _aReport on Currency and Fice 1987-88
_cR.B.I
260 _aR.B.I
_bR.B.I
_c1988
300 _a451p
490 _v3rd
942 _cTB
999 _c1295739
_d1295739